=LDR 00000nam 2200000 4500 =001 INLIS000000000006234 =005 20200429125521 =035 ##$$a 0010-061300000006234 =008 200429################g##########0#ind## =041 ##$$a Ind =082 ##$$a 2x0 =090 ##$$a 2x0, Yak g =100 ##$$a Fathi Yakan =245 1#$$a Globalisasi telaah dan peran Islam terhadap tatanan dunia baru /$c Fathi Yakan =260 ##$$a Surabaya :$b Progresif,$c 1993. =300 ##$$a ix, 112 hlm, ; $c 21 X 14 cm. =650 #4$$a Islam =850 ##$$a NBPNMAT =084 ##$$a 2x0 YAK g =500 ##$$a Indeks :hlm.107-112 =990 ##$$a DW00024921 =990 ##$$a DW00024922